00640nam a2200205Ia 450000500170000000800410001702000150005808200220007310000150009510000170011024500730012726000620020030000120026265000100027465000150028465000150029994200060031495200990032099900150041920250324012108.0240331s9999 xx 000 0 und d a0761994726 a303.48bSIN24241 aSinghal, A aRogers, E. M 0aIndia's Communication Revolution:bFrom Bullock Carts to Cyber Marts aNew Delhi;aCalifornia;aLondon,bSAGE Publicationsc2001 a299 p., aIndia aRevolution aTechnology cL 001040708LaWERCLbWERCLcSSCd2024-03-31l0o 303.484 SINp4241r2024-03-31w2024-03-31yL c1233d1233